Ч. 1: Технология мочевины; Технология мочевины и удобрение на ее основе

Dettagli Bibliografici
Parent link:Технология мочевины и удобрение на ее основе: в 3 ч./ Г. Л. Рабинович; Академия наук СССР (АН СССР), Всесоюзный институт научной и технической информации (ВИНИТИ). Ч. 1: Технология мочевины.— , 1971
Lingua:russo
Pubblicazione: 1971
Soggetti:
Natura: MixedMaterials Libro
KOHA link:https://koha.lib.tpu.ru/cgi-bin/koha/opac-detail.pl?biblionumber=177096

MARC

LEADER 00000nam2a2200000 4500
001 177096
005 20231031165531.0
035 |a (RuTPU)RU\TPU\book\192002 
090 |a 177096 
100 |a 20100311d1971 k y0rusy50 ca 
101 0 |a rus 
102 |a RU 
105 |a a z 001zy 
200 0 |a Ч. 1: Технология мочевины 
210 |d 1971 
215 |a 55 с.  |c ил. 
320 |a Библиогр.: с. 52-55. 
461 1 |0 (RuTPU)RU\TPU\book\208211  |t Технология мочевины и удобрение на ее основе  |o в 3 ч.  |f Г. Л. Рабинович  |g Академия наук СССР (АН СССР), Всесоюзный институт научной и технической информации (ВИНИТИ)  |v Ч. 1: Технология мочевины  |d 1971  |s Итоги науки. Химия 
610 1 |a мочевина 
610 1 |a минеральные удобрения 
610 1 |a азотные удобрения 
610 1 |a химическая технология 
610 1 |a комплексные удобрения 
801 1 |a RU  |b 63413507  |c 20100311 
801 2 |a RU  |b 63413507  |c 20190621  |g RCR 
942 |c BK